Loading...

Mathematical foundations of computer science

Bibliographic Details
Main Author: Bathul, Shahnaz
Format: Printed Book
Published: New Delhi PHI Learning 2016
Subjects:
LEADER 00475nam a2200145 4500
020 |a 9788120351295 
082 |a 004.0151  |b BAT/M 
100 |a Bathul, Shahnaz 
245 |a Mathematical foundations of computer science 
260 |a New Delhi  |b PHI Learning  |c 2016 
300 |a 469p 
650 |a computer science 
942 |c BK 
999 |c 55590  |d 55590 
952 |0 0  |1 0  |4 0  |6 004_015100000000000_BATM  |7 0  |9 62759  |a KUCL  |b KUCL  |d 2018-11-29  |g 495.00  |l 0  |o 004.0151 BAT/M  |p 46099  |r 2018-11-29  |w 2018-11-29  |y BK